Normal view MARC view
  • Vriesenga.D.

Entry Personal Name

Number of records used in: 2

001 - CONTROL NUMBER

  • control field: 2688

003 - CONTROL NUMBER IDENTIFIER

  • control field: OSt

005 - DATE AND TIME OF LATEST TRANSACTION

  • control field: 20170131081705.0

008 - FIXED-LENGTH DATA ELEMENTS

  • fixed length control field: 170131|| aca||aabn | a|a d

040 ## - CATALOGING SOURCE

  • Original cataloging agency: OSt

100 ## - HEADING--PERSONAL NAME

  • Personal name: Vriesenga.D.

Powered by Koha